00967nam a2200205 a 450000100100000000500170001000800410002702000180006804000250008610000360011124501080014726000360025530000250029150000620031670000390037895201110041795201050052895201110063399900170074400003230120200930063612.0110714s2012 dr 000 0 spa d a9789945882728 aDO-SdBNPbspacBNPHU1 aBautista Lorenzo, Israel95832614aMercado laboral docente en la región de el valle /cIsrael Bautista Lorenzo, Luisa Criselba Paniagua. aSanto Domingo :bBúho,c2012. a82 p. ;cil.c23 cm. aIncluye datos biográficos de los autores en las solapas1 aPaniagua, Criselba Paniagua958327 0010718DSaGRbGRcCTd2013-03-04iLF1l0o p32301-30r2020-06-25te. 3w2020-06-25yLFDSZNo se presta 0010718PDaPDbPDcCTd2011-07-14iLF1l0o p32301-10r2020-06-25w2020-06-25yLFPDZNo se presta 0010718PDaPDbPDcCTd2013-03-04iLF1l0o p32301-20r2020-06-25te. 2w2020-06-25yLFPDZNo se presta c31792d31792